British and American Short Stories /
Antología de cuentos que forma parte de una colección de lecturas adaptadas para su uso en el estudio del inglés como lengua extranjera, integrada por relatos de los siguientes diez autores: los norteamericanos Mark Twain (1835-1910), F. Marion Crawford (1854-1909), O. Henry (1862-1910), James A. Th...
Salvato in:
| Autore principale: | |
|---|---|
| Altri autori: | |
| Natura: | Libro |
| Lingua: | inglese |
| Pubblicazione: |
Londres, Inglaterra :
Longman,
1972, c1960
|
| Serie: | (Longman Simplified English Series ;
36) |
| Soggetti: | |
| Tags: |
Nessun Tag, puoi essere il primo ad aggiungerne!!
|
MARC
| LEADER | 00000nam^a2200000^a^4500 | ||
|---|---|---|---|
| 001 | 000427530 | ||
| 005 | 20250526000000.0 | ||
| 009 | 20260526144551.7 | ||
| 020 | |a 0-582-52812-7 | ||
| 037 | |a Acervo ITESO - Biblioteca | ||
| 041 | |a ING | ||
| 082 | |a 425. |b LON V. 36 | ||
| 100 | |a Thornley, G.C. |e (versión) | ||
| 240 | 1 | 1 | |a [British and American Short Stories] |
| 245 | 1 | 0 | |a British and American Short Stories / |c Selec. y simplificadas por G.C. Thornley ; il. de L. Rosoman. |
| 246 | 2 | |a Título en la cubierta: British and American Short Stories | |
| 264 | 4 | |a Londres, Inglaterra : |b Longman, |c 1972, c1960 | |
| 300 | |a 111 p. ; |c 18.5 cm. | ||
| 336 | |a texto |b txt |2 rdacontenido | ||
| 337 | |a sin mediación |b n |2 rdamedio | ||
| 338 | |a volumen |b nc |2 rdasoporte | ||
| 440 | 1 | |a (Longman Simplified English Series ; |v 36) | |
| 520 | |a Antología de cuentos que forma parte de una colección de lecturas adaptadas para su uso en el estudio del inglés como lengua extranjera, integrada por relatos de los siguientes diez autores: los norteamericanos Mark Twain (1835-1910), F. Marion Crawford (1854-1909), O. Henry (1862-1910), James A. Thurber (1894-1961) y William Saroyan (1908-81); los británicos Saki (1870-1916), William Somerset Maugham (1874-1965), D.H. Lawrence (1885-1930) y H.E. Bates (1905-74) y el canadiense Stephen Leacock (1869-1944). La antología es ubicada como material para una etapa de aprendizaje con un vocabulario de 2 mil palabras. | ||
| 649 | |a XX | ||
| 650 | |a Inglés como Lengua Extranjera - |x Estudio y Enseñanza - |x Tema Principal | ||
| 650 | |a Inglés - |x Estudio y Enseñanza | ||
| 650 | |a Cuentos Norteamericanos | ||
| 650 | |a Cuentos Ingleses | ||
| 650 | |a Cuentos Canadienses | ||
| 650 | |a Literatura en Inglés - |z Canadá | ||
| 650 | |a Literatura Norteamericana - |y Siglo XIX | ||
| 650 | |a Literatura Norteamericana - |y Siglo XX | ||
| 650 | |a Literatura Inglesa - |y Siglo XX | ||
| 650 | |a Literatura Canadiense - |y Siglo XX | ||
| 700 | |a Rosoman, Leonard |e (ilustración) | ||
| 910 | |a Fondo Alfonso de Alba Martín | ||
| 920 | |a Impresos - Libros | ||
| 930 | |a Libros Antiguos y Raros | ||
| 905 | |a 125 | ||
| 901 | |a 0500350996 |b IT2 |c LRA |i D98596 |u 20250526 | ||
| 902 | |a https://opac.biblio.iteso.mx/vufind/Record/000427530 | ||